Reflexiones sobre la Historiografia Modera /
Guardado en:
| Autor principal: | |
|---|---|
| Formato: | Texto |
| Materias: | |
| Etiquetas: |
Agregar Etiqueta
Sin Etiquetas, Sea el primero en etiquetar este registro!
|
MARC
| LEADER | 00000 a a2200000 04500 | ||
|---|---|---|---|
| 001 | 46234 | ||
| 003 | |||
| 040 | |||
| 090 | |a REV1052 (3-4) 1994 | ||
| 100 | |a Taracena, Luis Pedro | ||
| 245 | |a Reflexiones sobre la Historiografia Modera / |c Luis Pedro Taracena | ||
| 650 | |a HISTORIA | ||
| 650 | |a CIENCIAS SOCIALES | ||
| 773 | |g número3-4 (1994), Paginas 66-76. | ||
| 999 | |c 30832 |d 30832 | ||
